The project manager's guide to handling risk (Record no. 85449)

MARC details
000 -LEADER
fixed length control field 00621cgm a22002175a 4500
001 - CONTROL NUMBER
control field L139923
008 - FIXED-LENGTH DATA ELEMENTS--GENERAL INFORMATION
fixed length control field 070820s2003 xxk f 000 0 eng d
020 ## - INTERNATIONAL STANDARD BOOK NUMBER
International Standard Book Number 0566085712
035 ## - SYSTEM CONTROL NUMBER
System control number (Sirsi) u139923
041 0# - LANGUAGE CODE
Language code of text/sound track or separate title eng
050 04 - LIBRARY OF CONGRESS CALL NUMBER
Classification number 658.404 $2 18
100 1# - MAIN ENTRY--PERSONAL NAME
Personal name Webb, Alan
245 04 - TITLE STATEMENT
Title The project manager's guide to handling risk
Medium [Electronic resource]
260 ## - PUBLICATION, DISTRIBUTION, ETC.
Date of publication, distribution, etc. 2003
300 ## - PHYSICAL DESCRIPTION
Extent 1
Type of unit CD-ROM
505 2# - FORMATTED CONTENTS NOTE
Formatted contents note Software samples
520 ## - SUMMARY, ETC.
Summary, etc. Databases, modeling tools and software programmes to accomany book of the same name.
651 #4 - SUBJECT ADDED ENTRY--GEOGRAPHIC NAME
Geographic name United Kingdom
Chronological subdivision
690 ## - LOCAL SUBJECT ADDED ENTRY--TOPICAL TERM (OCLC, RLIN)
Topical term or geographic name as entry element Project management
9 (RLIN) 6261
942 ## - ADDED ENTRY ELEMENTS (KOHA)
Suppress in OPAC 0
Holdings
Withdrawn status Lost status Source of classification or shelving scheme Damaged status Not for loan Home library Current library Shelving location Date acquired Total Checkouts Full call number Barcode Date last seen Copy number Price effective from Koha item type
    Dewey Decimal Classification     London London Enquiry desk 20/08/2007   CD-ROM BOX 30071092 06/08/2019 1 06/08/2019 Book